[Event "Thüringenliga 2025/26"]
[Site "?"]
[Date "2026.03.01"]
[Round "7.7"]
[White "Heitmann, Erik"]
[Black "Jakob, Matthias"]
[Result "0-1"]
[WhiteElo "1835"]
[BlackElo "1959"]
[WhiteFideId "-1"]
[BlackFideId "-1"]
[PlyCount "88"]
[GameId "2285492287291613"]
[EventDate "2025.09.14"]
[EventType "team-tourn"]
[EventRounds "9"]
[SourceTitle "Thueringer Schachbund"]
[Source "ThSB"]
[SourceDate "2025.09.14"]
[SourceVersion "1"]
[SourceVersionDate "2025.09.14"]
[SourceQuality "1"]
[WhiteTeam "Erfurter SK 2"]
[BlackTeam "SV Medizin Erfurt"]

1. d4 Nf6 2. c4 Nc6 3. Nc3 e5 4. d5 Ne7 5. e4 Ng6 6. Be3 Bb4 7. f3 Bxc3+ 8. bxc3 d6 9. Qd2 b6 10. Bd3 a5 11. a4 Nd7 12. Ne2 Nc5 13. Bxc5 bxc5 14. O-O O-O 15. Rf2 Rb8 16. Rb1 Ba6 17. Rff1 Qd7 18. Rb5 Bxb5 19. cxb5 Ra8 20. c4 Ne7 21. g4 Nc8 22. Bc2 Nb6 23. Bb3 g6 24. Ng3 f6 25. Rf2 Kh8 26. Kf1 Nc8 27. Bc2 Nb6 28. Bb3 f5 29. gxf5 gxf5 30. exf5 Rxf5 31. Nxf5 Qxf5 32. Bc2 Qh3+ 33. Ke2 Qh4 34. Be4 Nxc4 35. Qc2 Nb6 36. Rg2 Rg8 37. Kf1 Qh3 38. Kg1 Rxg2+ 39. Qxg2 Qxg2+ 40. Kxg2 Nxa4 41. Bc2 Nc3 42. Bb3 a4 43. Bc4 a3 44. Kf2 a2 0-1

[Event "Thüringenliga 2025/26"]
[Site "?"]
[Date "2026.03.01"]
[Round "7.8"]
[White "Reichel, Norbert"]
[Black "Lux, Kilian"]
[Result "1/2-1/2"]
[WhiteElo "1906"]
[BlackElo "1454"]
[WhiteFideId "-1"]
[BlackFideId "-1"]
[PlyCount "115"]
[GameId "2285492287328478"]
[EventDate "2025.09.14"]
[EventType "team-tourn"]
[EventRounds "9"]
[SourceTitle "Thueringer Schachbund"]
[Source "ThSB"]
[SourceDate "2025.09.14"]
[SourceVersion "1"]
[SourceVersionDate "2025.09.14"]
[SourceQuality "1"]
[WhiteTeam "SV Medizin Erfurt"]
[BlackTeam "Erfurter SK 2"]

1. c4 c5 2. Nf3 Nf6 3. Nc3 e6 4. g3 b6 5. Bg2 Bb7 6. O-O a6 7. d4 cxd4 8. Nxd4 Bxg2 9. Kxg2 Qc7 10. Qd3 d6 11. Qf3 Ra7 12. b3 Be7 13. Bb2 O-O 14. Rad1 Qb7 15. Rfe1 Qxf3+ 16. Kxf3 Rc7 17. e4 Nbd7 18. Kg2 Nc5 19. f3 Rd8 20. Nc2 Rb8 21. Ne3 b5 22. cxb5 axb5 23. b4 Na4 24. Nxa4 bxa4 25. a3 Nd7 26. Rc1 Rbc8 27. Rxc7 Rxc7 28. Kf2 Bf6 29. Rc1 Rxc1 30. Bxc1 Nb6 31. Ke2 Kf8 32. Kd3 d5 33. b5 Ke7 34. Bd2 Kd7 35. Ba5 dxe4+ 36. fxe4 Bd8 37. Kd4 Bc7 38. Kc5 Nc8 39. Bxc7 Kxc7 40. Nc4 f5 41. exf5 exf5 42. Ne3 g6 43. Nd5+ Kb7 44. h4 h6 45. Kb4 g5 46. hxg5 hxg5 47. Kc5 Na7 48. Nc3 f4 49. g4 f3 50. Ne4 Nc8 51. Kc4 Kb6 52. Kd3 Kxb5 53. Nxg5 f2 54. Ke2 Kc4 55. Ne4 Kb3 56. Nc5+ Kxa3 57. Nxa4 Kxa4 58. Kxf2 1/2-1/2

[Event "Thüringenliga 2025/26"]
[Site "?"]
[Date "2026.03.01"]
[Round "7.1"]
[White "Machelett, Heiko"]
[Black "Ziganshin, Ainur"]
[Result "1/2-1/2"]
[WhiteElo "2290"]
[BlackElo "2234"]
[WhiteFideId "-1"]
[BlackFideId "-1"]
[PlyCount "86"]
[GameId "2285492760547569"]
[EventDate "2025.09.14"]
[EventType "team-tourn"]
[EventRounds "9"]
[SourceTitle "Thueringer Schachbund"]
[Source "ThSB"]
[SourceDate "2025.09.14"]
[SourceVersion "1"]
[SourceVersionDate "2025.09.14"]
[SourceQuality "1"]
[WhiteTeam "TSG Apolda"]
[BlackTeam "Ilmenauer SV"]

{[%evp 0,86,22,15,24,4,33,33,33,40,32,43,35,38,63,46,43,26,32,6,12,-34,2,6,38,30,65,44,40,18,60,26,102,47,58,38,32,34,48,51,39,41,60,73,79,72,85,85,77,74,74,45,56,48,51,59,79,64,71,72,75,64,83,90,113,89,96,94,91,55,103,70,66,54,66,47,59,51,65,51,71,46,71,59,75,51,98,64,74]} 1. Nf3 Nf6 2. c4 g6 3. Nc3 Bg7 4. d4 O-O 5. e4 d6 6. h3 Na6 7. Be3 e5 8. d5 Nc5 9. Nd2 a5 10. g4 Bd7 11. Be2 Kh8 12. h4 Qc8 13. f3 h5 14. Rg1 Nh7 15. Qc2 f5 16. g5 b6 17. O-O-O f4 18. Bf2 Qb7 19. Ndb1 Rfb8 20. Na3 Bf8 21. Nab5 Qc8 22. b3 Be7 23. Bf1 Nf8 24. Kd2 Kg8 25. Ra1 Kg7 26. Ke2 Kg8 27. Bg2 Ra6 28. Rh1 Rba8 29. Qd1 Kf7 30. Qf1 Ke8 31. Kd2 Nh7 32. Bh3 Bxh3 33. Rxh3 Nf8 34. Rh2 Kd8 35. Kc2 Nfd7 36. Qe2 Bf8 37. Qd2 Bg7 38. Rb1 Bf8 39. Ne2 Bg7 40. Nc1 Bf8 41. Rh1 Be7 42. Kd1 Nf8 43. Ke2 Nfd7 1/2-1/2

[Event "Thüringenliga 2025/26"]
[Site "?"]
[Date "2026.03.01"]
[Round "7.2"]
[White "Rauch, Arwid"]
[Black "Walther, Andi"]
[Result "0-1"]
[WhiteElo "1732"]
[BlackElo "2139"]
[WhiteFideId "-1"]
[BlackFideId "-1"]
[PlyCount "68"]
[GameId "2285492760592626"]
[EventDate "2025.09.14"]
[EventType "team-tourn"]
[EventRounds "9"]
[SourceTitle "Thueringer Schachbund"]
[Source "ThSB"]
[SourceDate "2025.09.14"]
[SourceVersion "1"]
[SourceVersionDate "2025.09.14"]
[SourceQuality "1"]
[WhiteTeam "Ilmenauer SV"]
[BlackTeam "TSG Apolda"]

{[%evp 0,68,22,-28,-22,-16,15,-23,-24,-32,-3,-10,-10,-24,-8,-15,-29,-21,-14,-9,-16,-19,-16,-21,-9,-25,9,17,47,42,20,-47,-44,-61,-51,-56,-23,-20,-26,-4,-28,-83,-156,-118,-128,-95,-113,-170,-85,-118,-116,-111,0,22,29,-159,-130,-249,-361,-412,-484,-513,-248,-317,-341,-519,-497,-869,-903,-903,-919]} 1. b3 Nf6 2. Bb2 g6 3. Bxf6 exf6 4. c4 Bg7 5. Nc3 O-O 6. Rc1 b6 7. Nf3 Bb7 8. e3 d6 9. Be2 Nd7 10. O-O f5 11. d4 Nf6 12. Nd2 Qe7 13. Bf3 Ne4 14. Bxe4 fxe4 15. Qc2 f5 16. b4 Rae8 17. Qb3 f4 18. c5+ Kh8 19. cxd6 cxd6 20. d5 f3 21. Ncxe4 fxg2 22. Kxg2 Rf5 23. Qc2 Qh4 24. Ng3 Rxd5 25. e4 Rh5 26. Nxh5 gxh5 27. f3 Be5 28. Rh1 Rg8+ 29. Kf1 Ba6+ 30. Nc4 Qh3+ 31. Ke1 Rg2 32. Qd3 Bb5 33. a4 Qh4+ 34. Kd1 Bxa4+ 0-1

[Event "Thüringenliga 2025/26"]
[Site "?"]
[Date "2026.03.01"]
[Round "7.3"]
[White "Goemann, Jens"]
[Black "Jung, Timo"]
[Result "1-0"]
[WhiteElo "2025"]
[BlackElo "1607"]
[WhiteFideId "-1"]
[BlackFideId "-1"]
[PlyCount "99"]
[GameId "2285492760625395"]
[EventDate "2025.09.14"]
[EventType "team-tourn"]
[EventRounds "9"]
[SourceTitle "Thueringer Schachbund"]
[Source "ThSB"]
[SourceDate "2025.09.14"]
[SourceVersion "1"]
[SourceVersionDate "2025.09.14"]
[SourceQuality "1"]
[WhiteTeam "TSG Apolda"]
[BlackTeam "Ilmenauer SV"]

{[%evp 0,99,22,-21,20,26,20,18,17,-2,21,23,20,22,27,25,24,32,86,80,99,95,86,74,89,65,116,108,67,73,66,77,99,72,108,97,231,79,79,70,97,100,98,37,29,26,87,55,85,77,72,74,132,134,149,141,149,149,225,227,312,277,301,268,291,307,317,320,345,329,318,262,312,225,254,247,264,272,303,257,300,257,268,322,336,444,510,331,1435,1032,1285,1396,2117,2293,29987,29988,29993,29994,29995,29996,29999,29999]} 1. c4 c5 2. Nf3 Nc6 3. Nc3 Nf6 4. g3 e6 5. Bg2 Be7 6. O-O O-O 7. d4 cxd4 8. Nxd4 Nxd4 9. Qxd4 a6 10. Rd1 Qa5 11. Be3 d6 12. Rac1 Bd7 13. Qd2 Qc7 14. Bf4 Qb6 15. b3 Ng4 16. e4 Bc6 17. h3 Ne5 18. Ne2 Rad8 19. Nd4 Ng6 20. Be3 Qc7 21. b4 Ba4 22. Nb3 Qb8 23. Bb6 Rd7 24. Qe3 Bd8 25. Bd4 b5 26. c5 Bxb3 27. axb3 dxc5 28. bxc5 Be7 29. c6 Rd6 30. e5 Rxd4 31. Qxd4 Bd8 32. Qc3 Bc7 33. f4 f6 34. exf6 Rxf6 35. Rd7 e5 36. fxe5 Nxe5 37. Re7 Ng6 38. Re4 h5 39. h4 Rf7 40. Re2 Kh8 41. Rce1 Qa7+ 42. Kh1 b4 43. Qe3 Bb6 44. Qe8+ Kh7 45. Be4 Qc7 46. Bxg6+ Kxg6 47. Re7 Qxg3 48. Qxf7+ Kh6 49. R1e6+ Qg6 50. Qxg6# 1-0

[Event "Thüringenliga 2025/26"]
[Site "?"]
[Date "2026.03.01"]
[Round "7.4"]
[White "Geißhirt, Marco"]
[Black "Maiwald, Harald"]
[Result "0-1"]
[WhiteElo "2001"]
[BlackElo "1994"]
[WhiteFideId "-1"]
[BlackFideId "-1"]
[PlyCount "58"]
[GameId "2285492760666356"]
[EventDate "2025.09.14"]
[EventType "team-tourn"]
[EventRounds "9"]
[SourceTitle "Thueringer Schachbund"]
[Source "ThSB"]
[SourceDate "2025.09.14"]
[SourceVersion "1"]
[SourceVersionDate "2025.09.14"]
[SourceQuality "1"]
[WhiteTeam "Ilmenauer SV"]
[BlackTeam "TSG Apolda"]

{[%evp 0,58,22,-22,0,-19,-23,-51,-45,-65,-30,-30,-31,-20,4,7,11,4,7,-21,4,-12,-6,-5,-27,-44,-40,-40,-40,-71,-89,-113,-100,-155,-128,-128,-134,-157,-158,-145,-146,-153,-159,-151,-158,-150,-138,-121,-114,-170,-161,-164,-138,-156,-156,-247,-247,-543,-559,-567,-580]} 1. c4 e6 2. g3 d5 3. b3 Nf6 4. Nf3 Be7 5. Bg2 O-O 6. O-O b6 7. Bb2 Bb7 8. d4 Nbd7 9. a4 c5 10. Na3 Rc8 11. cxd5 Bxd5 12. Nb5 a6 13. Nc3 Bb7 14. Qd3 cxd4 15. Qxd4 Nc5 16. b4 Bxf3 17. Qxd8 Rfxd8 18. exf3 Nb3 19. Rad1 Nd2 20. Rfe1 Bxb4 21. Na2 Ba5 22. Rc1 Nb3 23. Rxc8 Rxc8 24. Re3 Nc5 25. Nc3 Rd8 26. Bf1 Bxc3 27. Bxc3 Nd5 28. Bxa6 Nxe3 29. fxe3 Nxa6 0-1

[Event "Thüringenliga 2025/26"]
[Site "?"]
[Date "2026.03.01"]
[Round "7.5"]
[White "Rohmeiß, Roberto"]
[Black "Schenk, Stefan"]
[Result "0-1"]
[WhiteElo "1968"]
[BlackElo "1930"]
[WhiteFideId "-1"]
[BlackFideId "-1"]
[PlyCount "84"]
[GameId "2285492760703221"]
[EventDate "2025.09.14"]
[EventType "team-tourn"]
[EventRounds "9"]
[SourceTitle "Thueringer Schachbund"]
[Source "ThSB"]
[SourceDate "2025.09.14"]
[SourceVersion "1"]
[SourceVersionDate "2025.09.14"]
[SourceQuality "1"]
[WhiteTeam "TSG Apolda"]
[BlackTeam "Ilmenauer SV"]

{[%evp 0,84,22,15,24,27,61,33,40,40,42,3,10,0,3,9,22,0,1,-8,6,-23,-16,-34,-14,-71,-61,-69,-50,-58,-49,-34,-29,-56,-38,-102,7,-36,-47,-44,-37,-45,-41,-41,-67,-43,-46,-68,-48,-120,-109,-124,-107,-121,-93,-486,-492,-494,-480,-540,-548,-571,-569,-661,-696,-704,-726,-730,-722,-800,-730,-731,-768,-951,-770,-815,-644,-698,-656,-706,-547,-550,-562,-580,-551,-716,-722]} 1. d4 Nf6 2. Nf3 g6 3. c4 Bg7 4. Nc3 O-O 5. e3 d6 6. Be2 Nbd7 7. O-O e5 8. b4 a5 9. b5 b6 10. Qb3 Bb7 11. Ba3 Re8 12. Rfd1 exd4 13. exd4 Ne4 14. Nxe4 Bxe4 15. Rac1 Qe7 16. Bf1 Qf6 17. c5 Bh6 18. Rc3 a4 19. Qc4 d5 20. Qb4 Bf8 21. Nd2 Bf5 22. Rcc1 Bg4 23. f3 Bf5 24. Qc3 Bh6 25. c6 Be3+ 26. Kh1 Bxd4 27. cxd7 Bxc3 28. dxe8=Q+ Rxe8 29. Nb1 Be5 30. Re1 Bd7 31. g3 Qxf3+ 32. Bg2 Qh5 33. Re3 d4 34. Bf3 Qf5 35. Be4 Qf2 36. Ree1 Bxb5 37. Bg2 Be2 38. Nd2 d3 39. Ne4 Qe3 40. Bb4 f5 41. Bd2 Qd4 42. Bc3 Qd8 0-1

[Event "Thüringenliga 2025/26"]
[Site "?"]
[Date "2026.03.01"]
[Round "7.6"]
[White "Michael, Torsten"]
[Black "Schmidt, Matthias"]
[Result "0-1"]
[WhiteElo "1749"]
[BlackElo "1932"]
[WhiteFideId "-1"]
[BlackFideId "-1"]
[PlyCount "62"]
[GameId "2285492760740086"]
[EventDate "2025.09.14"]
[EventType "team-tourn"]
[EventRounds "9"]
[SourceTitle "Thueringer Schachbund"]
[Source "ThSB"]
[SourceDate "2025.09.14"]
[SourceVersion "1"]
[SourceVersionDate "2025.09.14"]
[SourceQuality "1"]
[WhiteTeam "Ilmenauer SV"]
[BlackTeam "TSG Apolda"]

{[%evp 0,62,22,18,45,23,29,22,24,27,29,-11,22,-31,-30,-32,-27,-26,-5,-2,24,13,15,18,1,9,1,-1,2,-5,-4,-9,-16,-29,-20,-20,-26,-32,-31,-29,-30,-22,-17,-50,-48,-48,-43,-39,-45,-50,-45,-37,-28,-32,-36,-49,-30,-72,-74,-45,-62,-469,-451,-453,-445]} 1. e4 e6 2. d4 d5 3. exd5 exd5 4. Nf3 Bd6 5. Bg5 f6 6. Bh4 Ne7 7. Bg3 O-O 8. Bd3 Na6 9. c3 c6 10. Qc2 g6 11. Nbd2 Bf5 12. O-O Bxd3 13. Qxd3 Nf5 14. Bxd6 Nxd6 15. Rfe1 Qd7 16. Re2 Rae8 17. Rae1 Nc7 18. Kf1 Rxe2 19. Rxe2 Re8 20. Rxe8+ Qxe8 21. c4 dxc4 22. Nxc4 Nxc4 23. Qxc4+ Nd5 24. Nd2 Kf7 25. g3 Qd7 26. Kg2 Qe6 27. Qd3 Nb4 28. Qa3 Qd5+ 29. Nf3 a5 30. b3 Nd3 31. h4 Ne1+ 0-1

[Event "Thüringenliga 2025/26"]
[Site "?"]
[Date "2026.03.01"]
[Round "7.7"]
[White "Stolz, Markus"]
[Black "Ortlepp, Steffen"]
[Result "1/2-1/2"]
[WhiteElo "1721"]
[BlackElo "1813"]
[WhiteFideId "-1"]
[BlackFideId "-1"]
[PlyCount "66"]
[GameId "2285492760776951"]
[EventDate "2025.09.14"]
[EventType "team-tourn"]
[EventRounds "9"]
[SourceTitle "Thueringer Schachbund"]
[Source "ThSB"]
[SourceDate "2025.09.14"]
[SourceVersion "1"]
[SourceVersionDate "2025.09.14"]
[SourceQuality "1"]
[WhiteTeam "TSG Apolda"]
[BlackTeam "Ilmenauer SV"]

{[%evp 0,66,22,20,31,-16,-2,1,5,0,4,2,11,7,10,5,5,-9,-8,-14,10,0,14,5,10,-21,13,-5,12,9,10,10,9,-10,-5,-1,-8,-18,-20,-39,-42,-60,-52,-63,-59,-89,-81,-81,-100,-152,-96,-88,-57,-63,-59,-81,-67,-59,-36,-66,-33,-58,-43,-50,-53,-55,-26,-57,-57]} 1. Nf3 Nf6 2. b3 g6 3. Bb2 Bg7 4. e3 O-O 5. Be2 d5 6. O-O c5 7. d4 cxd4 8. exd4 Nc6 9. Nbd2 Bg4 10. h3 Bxf3 11. Bxf3 Rc8 12. c3 e6 13. a4 Na5 14. b4 Nc4 15. Nxc4 Rxc4 16. Be2 Rc7 17. Bd3 Ne8 18. Qe2 Nd6 19. f4 Qd7 20. Bb5 Qe7 21. Bd3 Rfc8 22. Rf3 f5 23. Kh2 Ne4 24. Bxe4 dxe4 25. Rf2 Qd6 26. g3 Qd5 27. Qb5 Qb3 28. Ra3 Qc4 29. Kg2 Rd8 30. Re2 a6 31. Qxc4 Rxc4 32. Kf2 Bf8 33. Rb3 b6 1/2-1/2

[Event "Thüringenliga 2025/26"]
[Site "?"]
[Date "2026.03.01"]
[Round "7.8"]
[White "Richter, Frank"]
[Black "Bodling, Florian"]
[Result "0-1"]
[WhiteElo "1627"]
[BlackElo "1865"]
[WhiteFideId "-1"]
[BlackFideId "-1"]
[PlyCount "64"]
[GameId "2285492760809720"]
[EventDate "2025.09.14"]
[EventType "team-tourn"]
[EventRounds "9"]
[SourceTitle "Thueringer Schachbund"]
[Source "ThSB"]
[SourceDate "2025.09.14"]
[SourceVersion "1"]
[SourceVersionDate "2025.09.14"]
[SourceQuality "1"]
[WhiteTeam "Ilmenauer SV"]
[BlackTeam "TSG Apolda"]

{[%evp 0,64,22,-24,-16,-27,13,-13,21,15,12,0,7,12,-18,-12,-5,-16,-14,-24,-11,-13,10,-26,12,10,5,-10,-1,-9,24,33,28,-185,-131,-266,-265,-257,-253,-304,-252,-263,-261,-312,-311,-315,-295,-343,-365,-385,-385,-377,-341,-354,-346,-340,-356,-420,-374,-415,-428,-457,-459,-471,-471,-475,-424]} 1. f4 Nf6 2. Nf3 d6 3. d3 g6 4. e4 Bg7 5. g3 c5 6. Bg2 Nc6 7. O-O O-O 8. c3 Rb8 9. a4 a6 10. Qe2 b5 11. axb5 axb5 12. Na3 Qb6 13. Be3 Ng4 14. Bd2 Ba6 15. h3 Nf6 16. Be3 b4 17. Nc2 bxc3 18. b4 Qb5 19. bxc5 Qxd3 20. Qxd3 Bxd3 21. Nfe1 Bxe4 22. cxd6 exd6 23. Bxe4 Nxe4 24. Kg2 Rb2 25. Bc1 Rfb8 26. Bxb2 cxb2 27. Rb1 Nd2 28. Nd3 Nxb1 29. Rxb1 Rb3 30. Nf2 Na5 31. Nd1 Nc4 32. Nxb2 Rxb2 0-1

[Event "Landesklasse Ost 2025/26"]
[Site "?"]
[Date "2026.03.01"]
[Round "7.1"]
[White "Röder, Bastian"]
[Black "Koksch, Robert"]
[Result "1/2-1/2"]
[WhiteElo "1864"]
[BlackElo "1884"]
[WhiteFideId "-1"]
[BlackFideId "-1"]
[PlyCount "35"]
[GameId "560294460367"]
[EventDate "2025.09.14"]
[EventType "team-tourn"]
[EventRounds "9"]
[SourceTitle "Thueringer Schachbund"]
[Source "ThSB"]
[SourceDate "2025.09.14"]
[SourceVersion "1"]
[SourceVersionDate "2025.09.14"]
[SourceQuality "1"]
[WhiteTeam "SC Rochade Zeulenroda"]
[BlackTeam "ESV Lok Sömmerda"]

1. e4 c6 2. d4 d5 3. Bd3 dxe4 4. Bxe4 Nf6 5. Nc3 Nxe4 6. Nxe4 Bf5 7. Ng3 Bg6 8. Nf3 e6 9. h4 h6 10. Ne5 Qf6 11. Nxg6 Qxg6 12. h5 Qf6 13. Ne4 Qf5 14. Qe2 Nd7 15. g4 Qb5 16. Qxb5 cxb5 17. Bf4 O-O-O 18. O-O-O 1/2-1/2

[Event "Landesklasse Ost 2025/26"]
[Site "?"]
[Date "2026.03.01"]
[Round "7.2"]
[White "Kalisch, Michael"]
[Black "Glock, Benjamin"]
[Result "1-0"]
[WhiteElo "2082"]
[BlackElo "1882"]
[WhiteFideId "-1"]
[BlackFideId "-1"]
[PlyCount "77"]
[GameId "560295807554"]
[EventDate "2025.09.14"]
[EventType "team-tourn"]
[EventRounds "9"]
[SourceTitle "Thueringer Schachbund"]
[Source "ThSB"]
[SourceDate "2025.09.14"]
[SourceVersion "1"]
[SourceVersionDate "2025.09.14"]
[SourceQuality "1"]
[WhiteTeam "ESV Lok Sömmerda"]
[BlackTeam "SC Rochade Zeulenroda"]

1. e4 c6 2. d4 d5 3. exd5 cxd5 4. Bd3 Nc6 5. c3 Nf6 6. Bf4 Bg4 7. Qb3 Qd7 8. Nd2 e6 9. Ngf3 Bd6 10. Ne5 Qc7 11. O-O O-O 12. Rae1 Bh5 13. Bg3 Bxe5 14. Bxe5 Nxe5 15. Rxe5 Bg6 16. Bxg6 hxg6 17. Re3 a5 18. Rh3 b5 19. Nf3 Ne4 20. Qxb5 Rab8 21. Qe2 Qc4 22. Qe3 Rxb2 23. Ng5 Rfb8 24. Nxe4 dxe4 25. Qxe4 Rxa2 26. g4 Qe2 27. Qf4 Rbb2 28. Rf3 Rb7 29. h4 Qb5 30. Rc1 Qd7 31. h5 gxh5 32. gxh5 Rb5 33. c4 Rxh5 34. Qb8+ Kh7 35. Qb1+ g6 36. Qxa2 Qxd4 37. Qa3 Qh4 38. Rxf7+ Kh6 39. Qf8+ 1-0

[Event "Landesklasse Ost 2025/26"]
[Site "?"]
[Date "2026.03.01"]
[Round "7.3"]
[White "Prütting, Marcus"]
[Black "Kühn, Martin"]
[Result "1-0"]
[WhiteElo "1908"]
[BlackElo "2025"]
[WhiteFideId "-1"]
[BlackFideId "-1"]
[PlyCount "69"]
[GameId "560296880460"]
[EventDate "2025.09.14"]
[EventType "team-tourn"]
[EventRounds "9"]
[SourceTitle "Thueringer Schachbund"]
[Source "ThSB"]
[SourceDate "2025.09.14"]
[SourceVersion "1"]
[SourceVersionDate "2025.09.14"]
[SourceQuality "1"]
[WhiteTeam "SC Rochade Zeulenroda"]
[BlackTeam "ESV Lok Sömmerda"]

1. d4 d5 2. c4 c6 3. Nc3 e6 4. e4 dxe4 5. Nxe4 Nf6 6. Nxf6+ Qxf6 7. Nf3 Na6 8. a3 h6 9. Bd3 c5 10. d5 Nc7 11. O-O Bd6 12. Qb3 O-O 13. Bd2 exd5 14. cxd5 b5 15. Bb1 Re8 16. Qc2 Nxd5 17. Qh7+ Kf8 18. Be4 Be6 19. Rfe1 Be5 20. Bxd5 Bxd5 21. Qh8+ Ke7 22. Rxe5+ Kd7 23. Rxd5+ Kc6 24. Qxe8+ Rxe8 25. Rd3 Qxb2 26. Bc3 Qc2 27. Rad1 Re6 28. Bxg7 a5 29. Ne5+ Kb6 30. Nd7+ Kc6 31. Ne5+ Kb6 32. h3 b4 33. R3d2 Qb3 34. Rc1 Qxa3 35. Nc4+ 1-0

[Event "Landesklasse Ost 2025/26"]
[Site "?"]
[Date "2026.03.01"]
[Round "7.4"]
[White "Bachmann, Nick"]
[Black "Fuchs, Antje"]
[Result "1/2-1/2"]
[WhiteElo "1885"]
[BlackElo "1907"]
[WhiteFideId "-1"]
[BlackFideId "-1"]
[PlyCount "101"]
[GameId "560299190623"]
[EventDate "2025.09.14"]
[EventType "team-tourn"]
[EventRounds "9"]
[SourceTitle "Thueringer Schachbund"]
[Source "ThSB"]
[SourceDate "2025.09.14"]
[SourceVersion "1"]
[SourceVersionDate "2025.09.14"]
[SourceQuality "1"]
[WhiteTeam "ESV Lok Sömmerda"]
[BlackTeam "SC Rochade Zeulenroda"]

1. a3 g6 2. Nf3 Bg7 3. c4 d6 4. Nc3 c5 5. g3 Nc6 6. Bg2 e6 7. Rb1 Nge7 8. O-O O-O 9. b4 d5 10. bxc5 dxc4 11. Qc2 Nd5 12. Nb5 a6 13. Nd6 b5 14. e4 Nc7 15. d3 cxd3 16. Qxd3 e5 17. Rd1 Bg4 18. Be3 Ne6 19. h3 Bxf3 20. Bxf3 Ncd4 21. Bxd4 Nxd4 22. h4 Qc7 23. Rdc1 Rfd8 24. a4 Rab8 25. Bd1 Bf8 26. Qa3 b4 27. Qe3 Bxd6 28. cxd6 Qxd6 29. h5 a5 30. Kg2 Rbc8 31. Bg4 Rxc1 32. Rxc1 b3 33. hxg6 Qxg6 34. Bf5 Nxf5 35. exf5 Qxf5 36. Qa7 Qe4+ 37. Kh2 Ra8 38. Qb6 Qf3 39. Rb1 Rc8 40. Qxb3 Qxb3 41. Rxb3 f6 42. Rb5 Ra8 43. g4 Ra7 44. Kg3 h6 45. Kh4 Kh7 46. Kh5 Kg7 47. f3 Kh7 48. Rc5 Kg7 49. Rb5 Kh7 50. Rc5 Kg7 51. Rb5 1/2-1/2

[Event "Landesklasse Ost 2025/26"]
[Site "?"]
[Date "2026.03.01"]
[Round "7.5"]
[White "Skibbe, Diana"]
[Black "Siegemund, Joachim"]
[Result "1/2-1/2"]
[WhiteElo "1885"]
[BlackElo "1908"]
[WhiteFideId "-1"]
[BlackFideId "-1"]
[PlyCount "100"]
[GameId "560339522712"]
[EventDate "2025.09.14"]
[EventType "team-tourn"]
[EventRounds "9"]
[SourceTitle "Thueringer Schachbund"]
[Source "ThSB"]
[SourceDate "2025.09.14"]
[SourceVersion "1"]
[SourceVersionDate "2025.09.14"]
[SourceQuality "1"]
[WhiteTeam "SC Rochade Zeulenroda"]
[BlackTeam "ESV Lok Sömmerda"]

1. e4 e6 2. d4 d5 3. Nc3 Bb4 4. e5 c5 5. a3 Bxc3+ 6. bxc3 Ne7 7. Qg4 O-O 8. Bd3 f5 9. exf6 Rxf6 10. Bg5 Rf7 11. Qh4 g6 12. Nf3 Nbc6 13. O-O Qc7 14. c4 Rxf3 15. gxf3 Nxd4 16. Qg3 Qd7 17. Bxe7 Qxe7 18. c3 Nc6 19. cxd5 exd5 20. Rfe1 Qf7 21. Bb5 Bd7 22. Rad1 a6 23. Bf1 Rd8 24. Bg2 Bf5 25. f4 d4 26. Qg5 Rd7 27. cxd4 Nxd4 28. Kh1 Kg7 29. Qg3 b6 30. Qc3 Kh6 31. Re3 Qf6 32. Rde1 Qh4 33. Be4 Qxf4 34. Bxf5 Qxf5 35. Rh3+ Kg7 36. Qe3 h5 37. Rg1 Rf7 38. Rhg3 Qd5+ 39. f3 Rf6 40. Qe7+ Qf7 41. Qe5 Kh7 42. Rf1 Nxf3 43. Qe4 Nd4 44. Rfg1 Qe6 45. Qb7+ Rf7 46. Qg2 Rf6 47. Qb7+ Rf7 48. Qg2 Qe2 49. Qd5 Qf2 50. Rxg6 Qf3+ 1/2-1/2

[Event "Landesklasse Ost 2025/26"]
[Site "?"]
[Date "2026.03.01"]
[Round "7.6"]
[White "Wiesemann, Tim"]
[Black "Läßiger, Helko"]
[Result "1-0"]
[WhiteElo "1794"]
[BlackElo "1691"]
[WhiteFideId "-1"]
[BlackFideId "-1"]
[PlyCount "103"]
[GameId "560342525681"]
[EventDate "2025.09.14"]
[EventType "team-tourn"]
[EventRounds "9"]
[SourceTitle "Thueringer Schachbund"]
[Source "ThSB"]
[SourceDate "2025.09.14"]
[SourceVersion "1"]
[SourceVersionDate "2025.09.14"]
[SourceQuality "1"]
[WhiteTeam "ESV Lok Sömmerda"]
[BlackTeam "SC Rochade Zeulenroda"]

1. d4 d5 2. Bf4 Bf5 3. c4 e6 4. Nc3 c6 5. Qb3 Qb6 6. c5 Qxb3 7. axb3 Na6 8. e4 Nb4 9. Ra4 Nc2+ 10. Kd2 Nxd4 11. Rxd4 Bxc5 12. Ra4 b5 13. Ra6 dxe4 14. Rxc6 Bxf2 15. Bxb5 Ke7 16. Bd6+ Kf6 17. Ke2 Bb6 18. h4 Rd8 19. Bf4 h6 20. Bg5+ hxg5 21. hxg5+ Kg6 22. Rxh8 Bg4+ 23. Kf1 Ba5 24. Be2 Bf5 25. g4 Bxg4 26. Bxg4 Ne7 27. Rxd8 Nxc6 28. Ra8 Kxg5 29. Be2 f5 30. Bb5 Nd4 31. Rxa7 Bxc3 32. bxc3 Nxb5 33. Rxg7+ Kf6 34. Rg3 f4 35. Rh3 e3 36. Ne2 e5 37. c4 Nd6 38. Rh6+ Ke7 39. Nc3 Nf5 40. Nd5+ Kd7 41. Rf6 Nd4 42. b4 e2+ 43. Kf2 f3 44. Ne3 Ke7 45. Rh6 Kd7 46. b5 Nb3 47. Nc2 e4 48. Rh4 Nd2 49. c5 Nb3 50. c6+ Kc7 51. Rxe4 Nc5 52. Re3 1-0